2021 Formula One Season Quiz - Statistics

General Stats
  • This quiz has been taken 377 times
  • The average score is 13 of 20
Answer Stats
Question Answer % Correct
Which team had a completely rookie driver line-up? Haas
97%
Name one of the teams which rebranded their team name Alpine or Aston Martin
94%
How many drivers competed in throughout the championship? 21
91%
Which team got the only 1-2 of the season? Mclaren
79%
Who won the championship? Max Verstappen
78%
Which driver crashed in Abu Dhabi which leaded to the safety car coming out? Nicholas Latifi
78%
Which driver got their maiden win in Hungary? Esteban Ocon
77%
Who won the constructors championship? Mercedes
77%
How many different drivers recieved podiums? 13
74%
How many races took place? 22
74%
Which driver retired at the end of 2021 after debuting in F1 in 2001? Kimi Raikkonen
71%
At what race were half points awarded due to the race not being able to be completed? Spa
69%
What penalty did Lewis Hamilton receive after crashing into Max Verstappen in Silverstone? 10 second
62%
At which race track did two races take place? Red Bull Ring
58%
What caused Valterri Bottas to retire in Monaco? Front tyre wouldn't come off
53%
Why did Sebastian Vettel get disqualified in Hungary, losing his podium finish? Not enough fuel left
47%
What stopped Charles Leclerc from starting at Monaco? Driveshaft failure due to crash in qualifying
46%
What did Lewis Hamilton forget to do in Baku? Brake
39%
Where did Lewis Hamilton get his 100th pole position? Spain
35%
What decision caused Lando Norris to lose his potential maiden win in Sochi? Not pitting for intermediate tires
32%
No matching quizzes found
Score Distribution
Percent of People with Each Score
Percentile by Number Answered
Your Score History
You have not taken this quiz